01537nam a22003617a 4500003000500000005001700005008004100022010000800063011000900071035000800080040000900088090001000097100003400107245018700141260004000328300001000368502010900378590003700487590004100524590004100565590004100606590004200647650003500689650003500724650005200759901000700811942000900818949004500827949003900872999001300911952012500924952012601049CHAP20220329132921.0971013s1989 r 00010 d a229 a1201 a377 cCHAP aTesis00aAcosta Gutierrez, Justo.9658 aComparación de pruebas estadísticas para tasas instantáneas de desarrollo poblacional de Acantho scelides obtectus Say. en diferentes variedades de frijol Phaseolus vulgaris L. aChapingo, Méx. :bEl autor,c1989 a44 h. aTesis (Ing. Agr. Esp. en Parasitología Agrícola) -- UACH. Departamento de Parasitología Agrícola aALEPHb10c20130110lUCH01h1204 aBATCH-UPDb10c20130110lUCH01h1417 aBATCH-UPDb10c20130410lUCH01h0901 aBATCH-UPDb10c20130913lUCH01h1846 aCONVERSIONb10c20130109lUCH01h130214aAcanthoscelides obtectus.940214aEcología de insectos.93517214aFrijolxVariedades resistentes a plagas.943450 aBK cFOLL bBCcTESd-71222eTS2fc.2h22574i377si bBCcTESd-9821eTS1h22573i377si c229d229 00102local4053708TESISaBCbBCcPA_TESISd2019-12-31fTESISl0p-71222r2019-12-31 00:00:00tc.2w2019-12-31yTESIS 00102local4051708TESISaBCbBCcPA_TESISd2019-12-31fTESISl0oTesisp-9821r2019-12-31 00:00:00w2019-12-31yTESIS